000 00705nam a2200205 a 4500
008 120416s2005 ||||||||||||||||| || u
020 _a0821359681
050 _aHQ 1236 Bou
100 _aBouta, Tsjeard
245 1 0 _aGender, conflict, and development
_cTsjeard Bouta; Georg Frerks; Ian Bannon
260 _aWashington, D. C.
_bWorld Bank
_c2005
300 _a192p. : ill.
350 _a0.00
650 _aECONOMIC DEVELOPMENT--GENDER POLICY
650 _aGENDER
650 _aCONFLICT
700 _aBannon, Ian
700 _aFrerks, Georg
995 _D0.00
_FCBU-MAIN LIBRARY (Kitwe)
_H1
_I0.00
_M1
_UAVAILABLE
_ZMain Library Open Access Collection
999 _c44346
_d44346